NPB 日本プロ野球チームの本拠地球場 - Statistics

General Stats
  • This quiz has been taken 417 times
  • The average score is 6 of 12
Answer Stats
チーム名 開場年 使用開始年 球場名 % Correct
読売ジャイアンツ 1988 1988 東京ドーム
89%
阪神タイガース 1924 1936 阪神甲子園球場
87%
横浜DeNAベイスターズ 1978 1978 横浜スタジアム
77%
埼玉西武ライオンズ 1979 1979 ベルーナドーム
71%
千葉ロッテマリーンズ 1990 1992 ZOZOマリンスタジアム
64%
東京ヤクルトスワローズ 1926 1964 明治神宮野球場
55%
オリックス・バファローズ 1997 2005 京セラドーム大阪
54%
中日ドラゴンズ 1997 1997 バンテリンドーム ナゴヤ
43%
福岡ソフトバンクホークス 1993 1993 みずほPayPayドーム福岡
31%
東北楽天ゴールデンイーグルス 1950 2005 楽天モバイル 最強パーク宮城
28%
北海道日本ハムファイターズ 2023 2023 エスコンフィールドHOKKAIDO
27%
広島東洋カープ 2009 2009 MAZDA Zoom-Zoom スタジアム広島
16%
No matching quizzes found
Score Distribution
Percent of People with Each Score
Percentile by Number Answered
Your Score History
You have not taken this quiz